Statistics for Most Common Prescription Drugs

Click here to take the quiz!

General Stats

  • This quiz has been taken 1,738 times
  • The average score is 4 of 20

Answer Stats

Used for:Answer% Correct
AnxietyXanax
52%
High cholesterolLipitor
40%
Blood thinnerCoumadin
36%
AntibioticAmoxicillin
34%
Acid refluxPrilosec
31%
PainVicodin
29%
DepressionZoloft
29%
InsomniaAmbien
25%
HypothyroidSynthroid
24%
High cholesterolZocor
22%
DepressionCelexa
17%
High blood pressureLisinopril
17%
High blood pressureToprol
16%
AntibioticZinthromax
14%
High blood pressureAtenolol
10%
DiabetesGlucophage
8%
High blood pressureHydrochlorothiazide
7%
High blood pressureNorvasc
6%
High blood pressureFurosemide
4%
High blood pressureLopressor
4%

Score Distribution

Percentile by Number Answered

Percent of People with Each Score

Your Score History

You have not taken this quiz